Deployment of wireless sensor networks/ (Record no. 195246)

MARC details
000 -LEADER
fixed length control field 00527nam a22001817a 4500
005 - DATE AND TIME OF LATEST TRANSACTION
control field 20230314161407.0
010 ## - LCCN (DPL NO)
LC control number ENG-136377
020 ## - INTERNATIONAL STANDARD BOOK NUMBER
Terms of availability 350.00
International Standard Book Number 9789394899421
035 ## - SYSTEM CONTROL NUMBER
System control number EN-119909
037 ## - SOURCE OF ACQUISITION
Source of stock number/acquisition DBAD/PUB
082 ## - DEWEY DECIMAL CLASSIFICATION NUMBER
Classification number 004
100 ## - MAIN ENTRY--PERSONAL NAME
Personal name M Mohamed Sithik
245 ## - TITLE STATEMENT
Title Deployment of wireless sensor networks/
Statement of responsibility, etc M. Mohamed at all
260 ## - PUBLICATION, DISTRIBUTION, ETC. (IMPRINT)
Place of publication, distribution, etc Tamil Nadu
Name of publisher, distributor, etc Shanlax Publications
270 ## - ADDRESS
City Tamil Nadu
Address Vasantha Nagar, Madurai
Postal code 625003
300 ## - PHYSICAL DESCRIPTION
Extent 198p.
Dimensions 22cm(pb)
942 ## - ADDED ENTRY ELEMENTS (KOHA)
Source of classification or shelving scheme Dewey Decimal Classification
Item type English Books
Call number suffix MOH
Classification part 004
Holdings
Withdrawn status Lost status Not for loan Collection code Home library Current library Date acquired Source of acquisition Cost, normal purchase price Full call number Barcode Copy number Cost, replacement price Koha item type
      Non-fiction Katevara Katevara 14/03/2023 DBAD/PUB 350.00 004 MOH EN-119909 1 350.00 English Books

© Delhi Public Library
Hit Counter
free hit counter